000 01434nam a22003257a 4500
005 20260504121447.0
008 260504s2026 ag ||||| |||| 00| 0 spa d
020 _aAc. 03/26 TSJ - Sala Penal Fecha 29/04/26
_bAC
110 _aTribunal Superior de Justicia - Sala Penal
_918
245 1 1 _a"VILLAGRAN, LEONARDO EMANUEL S/ ABUSO SEXUAL AGRAVADO POR EL VINCULO" /
_cTribunal Superior de Justicia - Sala Penal
300 _a68 p.
_bpdf
518 _a29/04/26
653 _aVULNERABILIDAD DE LA VÍCTIMA
653 _aVULNERACIÓN DERECHOS DE GARANTÍA CONSTITUCIONAL
653 _aARBITRARIEDAD POR FUNDAMENTACIÓN APARENTE
653 _aDERECHO DE DEFENSA DEL IMPUTADO
653 _aDERECHOS DE JERARQUIA CONSTITUCIONAL DEL NIÑO
653 _aART 196 1ER PÁRRAFO CPPN
653 _aPRINCIPIO DE CONGRUENCIA
653 _aTRATADOS INTERNACIONALES DE DERECHOS HUMANOS
653 _aLEY 26061
653 _aPERSPECTIVA DE NIÑEZ
653 _aINTERÉS SUPERIOR DEL NIÑO
700 1 _aElosu Larumbe, Alfredo Alejandro
_912
700 1 _aGennari Maria Soledad
_927
774 _aLEG MPFNQ 188258/2021
856 _uhttp://jurispenal.jusneuquen.gov.ar/cgi-bin/koha/opac-retrieve-file.pl?id=a239b552f5aa761c433eafecccb74fba
_yTexto completo Ac. 03/26
856 _uhttp://jurispenal.jusneuquen.gov.ar/cgi-bin/koha/opac-retrieve-file.pl?id=4224fec27309707e0faf31b107fc9f0a
_y TI Sentencia 81/25
942 _2ddc
_cAC
999 _c1279
_d1279